| 000 | 00747nam a2200229 i 4500 | ||
|---|---|---|---|
| 001 | 44895 | ||
| 003 | ES-MaACL | ||
| 005 | 20250815083017.0 | ||
| 007 | t| | ||
| 008 | 030324s1978 sp ||||1| spa d | ||
| 100 | 1 |
_aClower, Robert W. _939309 |
|
| 245 | 1 | 0 |
_aMicroeconomía / _cRobert W. Clower, John F. Due ; [traducción por Ruperto Chavarri Navarro]. |
| 260 |
_aMadrid : _bTecnos, _c[1978] |
||
| 300 |
_a406 p. ; _c24 cm. |
||
| 490 | 1 | _aBiblioteca Tecnos de ciencias económicas | |
| 650 | 4 |
_aMicroeconomía. _915026 |
|
| 700 | 1 |
_aDue, John F. _945871 |
|
| 700 | 1 |
_aChavarri Navarro, Ruperto. _938247 |
|
| 830 | 1 | 0 |
_aBiblioteca Tecnos de ciencias económicas _9182602 |
| 852 |
_aES-MaACL _jA-8343 |
||
| 999 |
_c44895 _d44895 |
||